000 00533nam a2200169Ia 4500
008 090201s9999 xx 000 0 und d
010 _aKPL-48629
040 _bमराठी
041 _aमराठी
082 _a36183
_b48629
100 _aव्यंकटेश माडगूळकर
245 _aबाजार
_cव्यंकटेश माडगूळकर
260 _c2004
_bउत्कर्ष प्रकाशन
300 _a133
_bमोठा
600 _aबाजार
942 _cBOOK
999 _c234190
_d234190